Normal view
MARC view
- Balmer, T. Robert
Entry Personal Name
001 - CONTROL NUMBER
- control field: 81374
003 - CONTROL NUMBER IDENTIFIER
- control field: NUST
005 - DATE AND TIME OF LATEST TRANSACTION
- control field: 20210810114230.0
008 - FIXED-LENGTH DATA ELEMENTS
- fixed length control field: 210810|| aca||aabn | a|a d
040 ## - CATALOGING SOURCE
- Original cataloging agency: NUST
- Transcribing agency: NUST
100 ## - HEADING--PERSONAL NAME
- Personal name: Balmer, T. Robert
670 ## - SOURCE DATA FOUND
- Source citation: Work cat.: (NUST): Balmer, T. Robert, Thermodynamic Tables to Accompany Modern Engineering Thermodynamics\, 2011
